000 00728nam a22002057a 4500
999 _c10182
_d10182
003 AR-CdUCM
008 190329b ||||| |||| 00| 0 spa d
040 _aMUNICIPALIDAD PROVINCIAL DEL CUSCO
_cBIBLIOTECA MUNICIPAL DEL CUSCO
082 _a869.26 /
_bM26D / 1926
100 _aMarechal, Leopoldo
_926889
245 _aDías como flechas /
260 _aBuenos Aires :
_bGleizer,
_c1926.
300 _a103 páginas ;
_c23 cm.
440 _aColección indice
_916379
505 _aContenido: Poemas sin titulo -- Canto en la grupa de una mañana -- Canción -- Poemas de veinticinco años -- Canción del ídolo ...
650 _aPoesías argentinas
_911979
650 _aSiglo XX.
_98
942 _2ddc
_cLIBROS
945 _aacv